Normal view MARC view
  • Arcalli Franco

Entry Personal Name

Number of records used in: 1

001 - CONTROL NUMBER

  • control field: 44719

003 - CONTROL NUMBER IDENTIFIER

  • control field: IT-RoPau

005 - DATE AND TIME OF LATEST TRANSACTION

  • control field: 20151129154206.0

008 - FIXED-LENGTH DATA ELEMENTS

  • fixed length control field: 151129|| aca||aabn | a|a d

040 ## - CATALOGING SOURCE

  • Original cataloging agency: IT-RoPau
  • Transcribing agency: IT-RoPau

100 ## - HEADING--PERSONAL NAME

  • Personal name: Arcalli Franco
  • Relator term: (soggetto)
  • Miscellaneous information: Codice Soggetto 2° SPICS: 9824

670 ## - SOURCE DATA FOUND

  • Source citation: Work cat.: (IT-RoPau)106033: Bertolucci Bernardo Codice regista SPICS: 9230 44716, NOVECENTO (ATTO II) NOVECENTO (ATTO II) (Rif. Codice opera principale : H5767)
CREDITS: SOCIETA' SAN PAOLO Via A.Severo, 58 - ROMA (RM) & PERIODICI SAN PAOLO SRL Via Giotto, 36 MILANO & CISF Via Giotto, 36 MILANO & EDIZIONI SAN PAOLO SRL,  Piazza Soncino, 5 CINISELLO BALSAMO (MI) -- ITALY